000 00474nam a22001697a 4500
999 _c41791
_d41791
003 OSt
005 20221109134043.0
008 221109b ||||| |||| 00| 0 eng d
020 _a9789384826123
040 _coclc
082 _a588
_bARU/B
100 _94911
_aArumugam, N
245 _aBryophytes /
_cN Arumugam, Annie Ragland, V Kumaresan.
260 _aNagercoil:
_bSaras,
_c2015.
300 _a236 p
942 _2ddc
_cBK
_h588
_iARU/B
_k588
_mARU/B